000
00195 a2200097 4500
001
2629
100
_a
Calmel, J,
245
_a
Night pilot
260
_a
_b
William kimber
_c
090
_c
1926
_d
1926
942
_a
NUST-CAE
_c
M
_c
10291
999
_c
237702
_d
237702